Taylor Swift - Chansons les plus streamés par albums - Statistiques

Statistiques générales
  • Ce quiz a été pris 52 fois
  • Le résultat moyen est 13 sur 16
Statistiques - réponses
Hint Réponse % Correct
Lover Cruel Summer
93%
The Life of a Showgirl The Fate of Ophelia
91%
Red (Taylor's Version) All Too Well (10 Minute Version) (Taylor's Version)
89%
Fearless Love Story
89%
Fearless (Taylor's Version) Love Story (Taylor's Version)
89%
folklore cardigan
84%
Speak Now Enchanted
84%
Speak Now (Taylor's Version) Enchanted (Taylor's Version)
84%
Reputation Look What You Made Me Do
84%
Midnights Anti-Hero
82%
1989 Blank Space
82%
The Tortured Poets Department Fortnight ft. Post Malone
82%
Taylor Swift Our Song
82%
evermore willow
80%
Red I Knew You Were Trouble
78%
1989 (Taylor's Version) Wildest Dreams (Taylor's Version)
69%
Aucun quiz correspondant
Distribution des résultats
% des personnes avec chaque résultat
Percentile par nombre de réponses
Votre historique - résultats
Vous n’avez pas pris ce quiz